Perkhidmatan Awam : Meneraju Perubahan Melangkau Jangkaan / (Record no. 27199)

000 -LEADER
fixed length control field 00990nam a22002537a 4500
001 - CONTROL NUMBER
control field 0000004128
003 - CONTROL NUMBER IDENTIFIER
control field PPM
005 - DATE AND TIME OF LATEST TRANSACTION
control field 20260416120920.0
008 - FIXED-LENGTH DATA ELEMENTS--GENERAL INFORMATION
fixed length control field 260416b ||||| |||| 00| 0 eng d
020 ## - INTERNATIONAL STANDARD BOOK NUMBER
International Standard Book Number 9789830687254
Terms of availability RM49.00
Qualifying information Hardback
035 ## - SYSTEM CONTROL NUMBER
System control number 0000004128
040 ## - CATALOGING SOURCE
Language of cataloging Malay
Transcribing agency Pusat Penyelidikan Mineral, Jabtan Mineral Dan Geosains Malaysia
Modifying agency PPM
Description conventions RDA
082 00 - DEWEY DECIMAL CLASSIFICATION NUMBER
Edition number 22
Classification number 351.595
Item number MOH 2011
100 1# - MAIN ENTRY--PERSONAL NAME
Personal name Mohd. Najib Tun Haji Abdul Razak, Dato' Sri,
Dates associated with a name 1953-
Relator term author
245 10 - TITLE STATEMENT
Title Perkhidmatan Awam : Meneraju Perubahan Melangkau Jangkaan /
Statement of responsibility, etc. oleh Mohd. Najib Tun Haji Abdul Razak
260 #1 - PUBLICATION, DISTRIBUTION, ETC.
Place of publication, distribution, etc. Kuala Lumpur :
Name of publisher, distributor, etc. Institut Terjemahan Negara Malaysia ,
Date of publication, distribution, etc. 2011
300 00 - PHYSICAL DESCRIPTION
Extent xvii, 105 pages .:
Other physical details some colour, illustrations .;
Dimensions 24 cm
650 10 - SUBJECT ADDED ENTRY--TOPICAL TERM
Topical term or geographic name entry element Civil service
Geographic subdivision Malaysia
650 20 - SUBJECT ADDED ENTRY--TOPICAL TERM
Topical term or geographic name entry element Public administration
Geographic subdivision Malaysia
651 10 - SUBJECT ADDED ENTRY--GEOGRAPHIC NAME
Geographic name Malaysia
General subdivision Officials and employees
710 2# - ADDED ENTRY--CORPORATE NAME
Corporate name or jurisdiction name as entry element Institut Terjemahan Negara Malaysia
710 2# - ADDED ENTRY--CORPORATE NAME
Corporate name or jurisdiction name as entry element Razak School Of Goverment
942 ## - ADDED ENTRY ELEMENTS (KOHA)
Source of classification or shelving scheme
Koha item type Books
Holdings
Withdrawn status Lost status Source of classification or shelving scheme Damaged status Not for loan Collection code Permanent Location Current Location Shelving location Date acquired Cost, normal purchase price Total Checkouts Full call number Date last seen Price effective from Koha item type
Available         Open Shelf PPM PPM Open Shelf 16/04/2026 49.00   351.595 MOH 2011 16/04/2026 16/04/2026 Books